My big book of : numbers 123

Bibliographic Details
Main Author: Ved Prakash
Format: Book
Published: New Delhi : Dreamland , 2004
Subjects:

MARC

LEADER 00000cam a2200000 7i4500
001 0000005977
005 20220105104016.0
008 070814
020 |a 8173010919 
090 0 0 |a JP   |b EL ENG (5879) 
100 0 |a Ved Prakash 
245 1 0 |a My big book of :   |b numbers 123   |c Ved Prakash 
260 |a New Delhi :   |b Dreamland ,   |c 2004 
500 |a Children age 4-6 years old (yellow) 
650 0 |a Early learning 
650 0 |a Junior preschool   |x English   |x Languages 
999 |a 0000981613   |b Book   |c Children Collection   |e Cawangan Pontian 
999 |a 0000981614   |b Book   |c Children Collection   |e Cawangan Tangkak